书目信息 |
| 书名: | Curandero | |
| 作者: | Eliseo "Cheo" Torres ; with Timothy L. Sawyer, Jr. | |
| 分册号: | ||
| 分册名: | 出版地: | Albuquerque : |
|
| 出版社: | University of New Mexico Press | |
| 出版时间: | c2005. | |
| 页数: | ix, 170 p. : | |
| 开本: | 21 cm. | |
| 丛书名: | ||
| 中图分类号: | ||
| 科图分类号: | ||
| 其他分类号: | R-013 | |
| 主题词: | ||
| 电子资源: | http://www.loc.gov/catdir/toc/ecip0422/2004020692.html | |
| 000 | 01895cam a22003374a 450 | |
| 001 | E0735521877 | |
| 005 | 20070714101030.42 | |
| 008 | 040831s2004 nmua b s001 0 eng | |
| 010 | @a2004020692 | |
| 020 | @a082633640X (pbk. : alk. paper). | |
| 040 | @aDLC@cDLC@dDLC | |
| 042 | @apcc | |
| 043 | @an-mx--- | |
| 050 | 00 | @aRZ407@b.T67 2005 |
| 082 | 00 | @a615.8/8/0972@2 22 |
| 090 | @aR-013 | |
| 099 | @dR-013@ex85 | |
| 100 | 1 | @aTorres, Eliseo. |
| 245 | 10 | @aCurandero :@ba life in Mexican folk healing / @cEliseo "Cheo" Torres ; with Timothy L. Sawyer, Jr. |
| 260 | @aAlbuquerque :@bUniversity of New Mexico Press,@cc2005. | |
| 300 | @aix, 170 p. :@bill. ;@c21 cm. | |
| 504 | @aIncludes bibliographical references and index. | |
| 505 | 0 | @aThe healing tradition of a family and a culture -- The awakening -- I am healed by Don?a Mari?a -- I face the great black dog -- My father’s ancestral wisdom -- Exotic rituals I have known -- Don Pedrito, curandero -- The great materia, Chenchito Alvarado -- The midwife Don?a Juana, a partera -- Art Esquibel tells me the story of Teresita, Saint of Cabora -- How I was fed and healed by plants -- Folk healing in this modern world -- Curanderismo goes to school -- Recent curanderos. |
| 650 | 0 | @aHealers@zMexico. |
| 650 | 0 | @aHealing@zMexico. |
| 650 | 0 | @aTraditional medicine@zMexico. |
| 700 | 1 | @aSawyer, Timothy L.@q(Timothy Leighton),@d1961- |
| 856 | 41 | @3 Table of contents@uhttp://www.loc.gov/catdir/toc/ecip0422/2004020692.html |
| 906 | @a7@bcbc@corignew@d1@eecip@f20@gy-gencatlg | |
| 925 | 0 | @aacquire@b2 shelf copies@xpolicy default |
| 955 | @ajc14 2004-08-31@ijc14 2004-08-31@ejc03 2004-09-01 to Dewey@aaa27 2004-09-01@ajc41 2004-09-28, stmt. of resp. & 700 field changed per pub. request 09-27-04@aps09 2005-02-18 1 copy rec’d., to CIP ver.@fpv01 2005-02-23 CIP ver to BCCD@esb21 2006-09-03 to BCCD c.2 ot | |
| Curandero : : a life in Mexican folk healing / / Eliseo "Cheo" Torres ; with Timothy L. Sawyer, Jr.-Albuquerque : : University of New Mexico Press, , c2005. |
| ix, 170 p. : : ill. ; ; 21 cm. |
| Includes bibliographical references and index.-The healing tradition of a family and a culture -- The awakening -- I am healed by Don?a Mari?a -- I face the great black dog -- My father’s ancestral wisdom -- Exotic rituals I have known -- Don Pedrito, curandero -- The great materia, Chenchito Alvarado -- The midwife Don?a Juana, a partera -- Art Esquibel tells me the story of Teresita, Saint of Cabora -- How I was fed and healed by plants -- Folk healing in this modern world -- Curanderismo goes to school -- Recent curanderos. |
| ISBN 082633640X (pbk. : alk. paper). |
| ● |
| 相关链接 |
|
|
|
|
正题名:Curandero
索取号:R-013/x85
 
预约/预借
| 序号 | 登录号 | 条形码 | 馆藏地/架位号 | 状态 | 备注 |
| 1 | 0013094 | 300130944 | 第二样本阅览室/ [索取号:R-013/x85] | 在馆 |